| 000 | 00482pab a2200169 454500 | ||
|---|---|---|---|
| 008 | 180718b2003 xxu||||| |||| 00| 0 eng d | ||
| 100 | _aIgoe, Jim | ||
| 245 | _aScaling up civil society: donor money, NGOs and the pastoralist land rights movement in Tanzania | ||
| 260 | _c2003 | ||
| 300 | _ap.863-85. | ||
| 362 | _aNov | ||
| 650 | _aCivil society - Tanzania | ||
| 650 | _aLand tenure - Tanzania | ||
| 650 | _aLand tenure | ||
| 773 | _aDevelopment and Change | ||
| 909 | _a59213 | ||
| 999 |
_c59213 _d59213 |
||